[Event "Internet Section 06A g/8'+2\""]
[Site "Dos Hermanas"]
[Date "2004.03.06"]
[Round "1"]
[White "Anadol, Cagatay"]
[Black "Bayramov, Yavor"]
[Result "0-1"]
[WhiteElo "1468"]
[BlackElo "2035"]
[PlyCount "72"]
[EventDate "2004.03.06"]
[EventType "swiss (blitz)"]
[EventRounds "9"]
[EventCountry "ESP"]
[SourceTitle "CBM 099 Extra"]
[Source "ChessBase"]
[SourceDate "2004.05.04"]
[SourceVersion "1"]
[SourceVersionDate "2004.05.04"]
[SourceQuality "1"]

1. d4 d5 2. c4 e6 3. Nc3 c5 4. e3 Nc6 5. Nf3 Nf6 6. Be2 Be7 7. 0-0 0-0 8. b3 a6 9. Bb2 cxd4 10. exd4 dxc4 11. bxc4 Bd7 12. d5 exd5 13. cxd5 Qb6 14. Rb1 Nb4 15. Ba3 a5 16. Qd2 Bc5 17. Bc4 Rac8 18. Bb3 Rfe8 19. Ba4 Qd6 20. Bxd7 Qxd7 21. Rfe1 Ng4 22. Ne4 Rxe4 23. Rxe4 Nxf2 24. Re3 Ng4 25. Nd4 Nxe3 26. Qxe3 Qg4 27. Kh1 Bxd4 28. Qe7 Nd3 29. h3 Nf2+ 30. Kh2 Qf4+ 31. g3 Qd2 32. h4 Ng4+ 33. Kh3 h5 34. Rh1 Nf2+ 35. Kg2 Nxh1+ 36. Kxh1 Qd1+ 0-1

[Event "Internet Section 06A g/8'+2\""]
[Site "Dos Hermanas"]
[Date "2004.03.06"]
[Round "2"]
[White "Bayramov, Yavor"]
[Black "Alonso, Raphael VP Patricio"]
[Result "0-1"]
[WhiteElo "2204"]
[BlackElo "2100"]
[PlyCount "80"]
[EventDate "2004.03.06"]
[EventType "swiss (blitz)"]
[EventRounds "9"]
[EventCountry "ESP"]
[SourceTitle "CBM 099 Extra"]
[Source "ChessBase"]
[SourceDate "2004.05.04"]
[SourceVersion "1"]
[SourceVersionDate "2004.05.04"]
[SourceQuality "1"]

1. e4 c5 2. Nf3 e6 3. d4 cxd4 4. Nxd4 a6 5. Nc3 Qc7 6. Be3 Nf6 7. Be2 Bb4 8. Qd3 Nxe4 9. 0-0 Nxc3 10. bxc3 Bxc3 11. Rad1 0-0 12. Qe4 d5 13. Qh4 Nc6 14. Bd3 g6 15. Nf3 Bg7 16. Bh6 e5 17. Ng5 f6 18. Nxh7 Bxh6 19. Bxg6 Qg7 20. Nxf8 Kxf8 21. Qh5 Be6 22. Bf5 Bxf5 23. Qxf5 Nd4 24. Qd3 Rd8 25. c3 Ne6 26. Qg3 Qxg3 27. hxg3 Ke7 28. Rfe1 Bg7 29. Rb1 b5 30. a4 Rb8 31. axb5 axb5 32. Ra1 Rc8 33. Ra7+ Kd6 34. f4 Rxc3 35. f5 Nc7 36. Kf2 Bh6 37. Rb7 d4 38. Rb6+ Rc6 39. Rxc6+ Kxc6 40. Rc1+ Bxc1 0-1

[Event "Internet Section 06A g/8'+2\""]
[Site "Dos Hermanas"]
[Date "2004.03.06"]
[Round "4"]
[White "Bayramov, Yavor"]
[Black "Boudar, Sergiy"]
[Result "1-0"]
[WhiteElo "2207"]
[BlackElo "1786"]
[PlyCount "41"]
[EventDate "2004.03.06"]
[EventType "swiss (blitz)"]
[EventRounds "9"]
[EventCountry "ESP"]
[SourceTitle "CBM 099 Extra"]
[Source "ChessBase"]
[SourceDate "2004.05.04"]
[SourceVersion "1"]
[SourceVersionDate "2004.05.04"]
[SourceQuality "1"]

1. e4 e5 2. f4 exf4 3. Bc4 Nf6 4. Nc3 Nc6 5. d4 Bb4 6. e5 Ne4 7. Qf3 d5 8. exd6 Nxd6 9. Bd3 Qe7+ 10. Kf1 Nxd4 11. Qxf4 Qf6 12. Qxf6 gxf6 13. Nd5 Ba5 14. Nxf6+ Kd8 15. Bg5 Ne6 16. Bh4 Bd7 17. Nf3 Kc8 18. Ne5 Bc6 19. Nxc6 bxc6 20. Ba6+ Kb8 21. Nd7# 1-0